Gaming Quiz

Random Gaming or Clickable Quiz

Video Game Lead Characters Quiz Stats

Quiz Updated Oct 26, 2012

Challenge
Share
Tweet
Embed
Score 0/22 Timer 05:00
0 Plays Today
% Correct
Mario
96%
Link
93.4%
Lara Croft
93.1%
James Bond
90.4%
Master Chief
86.5%
Solid Snake
83.8%
Kratos
81.5%
Samus Aran
78.9%
Altaïr ibn La-Ahad
75%
Nathan Drake
74.1%
Agent 47
73.9%
% Correct
Commander Shepard
72.8%
Dante
70.4%
Cloud Strife
68.6%
Gordon Freeman
68%
Marcus Fenix
60.8%
Leon S. Kennedy
60.5%
Guybrush Threepwood
44.4%
The Nameless One
34.5%
Manny Calavera
33.9%
Garrett
30.1%
Minsc
22.5%

You're not logged in!

Compare scores with friends on all Sporcle quizzes.
Sign Up with Email
OR
Log In

You Might Also Like...

Show Comments

Extras

Top Quizzes Today


Score Distribution

Your Account Isn't Verified!

In order to create a playlist on Sporcle, you need to verify the email address you used during registration. Go to your Sporcle Settings to finish the process.